Tendencias y recurrencias de larga duración en el número de leyes sancionadas en el Congreso de los E.E.U.U. de NA entre 1789 y 1988 (Registro nro. 31417)

Detalles MARC
000 -LEADER
fixed length control field 00424 a2200109 4500
001 - CONTROL NUMBER
control field ART_30613
005 - DATE AND TIME OF LATEST TRANSACTION
control field 20260410162002.0
008 - FIXED-LENGTH DATA ELEMENTS--GENERAL INFORMATION
fixed length control field 260409a
100 1# - MAIN ENTRY--PERSONAL NAME
Personal name Mallmann, Carlos Alberto
245 10 - TITLE STATEMENT
Title Tendencias y recurrencias de larga duración en el número de leyes sancionadas en el Congreso de los E.E.U.U. de NA entre 1789 y 1988
773 0# - HOST ITEM ENTRY
Title Foro económico
Related parts - Año III, Nº 4 (mayo 1997)
Record control number REV30369

No hay ítems disponibles.